| 000 -ლიდერი |
| ფიქსირებული სიგრძის საკონტროლო ველი |
01567nam a2200241Ia 4500 |
| 001 - საკონტროლო ნომერი |
| საკონტროლო ველი |
17959 |
| 003 - საკონტროლო ნომრის იდენტიფიკატორი |
| საკონტროლო ველი |
GE_BSU |
| 005 - ბოლო ოპერაციის თარიღი და დრო |
| საკონტროლო ველი |
20200302114500.0 |
| 008 - ფიქსირებული სიგრძის მონაცემთა ელემენტები - ზოგადი ინფორმაცია |
| ფიქსირებული სიგრძის საკონტროლო ველი |
181216s1966 xx |||||||||||||| ||geo|| |
| 040 ## - კატალოგიზაციის წყარო |
| Transcribing agency |
GE_BSU |
| 041 ## - ენის კოდი |
| Language code of text/sound track or separate title |
geo |
| 080 ## - უნივერსალური ათობითი კლასიფიკაციის ინდექსი |
| Universal Decimal Classification number |
811.353.1 + 811.351.34 მ-59 |
| 245 ## - ცნობა სათაურის შესახებ |
| Title |
მეტყველების ანალიზისა და სინთეზის საკითხები : |
| Remainder of title |
ქართულ, წახურულ და უდურ ენების მაგალითზე. კრებული / |
| Statement of responsibility, etc |
რედ. შ. გაფრინდაშვილი. |
| 264 ## - წარმოების, გამოცემის, დისტრიბუციის და სხვა ცნობები |
| გამოცემის, წარმოების, დისტრიბუციის... ადგილი |
თბილისი : |
| გამოცემის, წარმოების, დისტრიბუციის... სახელწოდება |
მეცნიერება, |
| გამოცემის, წარმოების, დისტრიბუციის... თარიღი |
1966. |
| 300 ## - ფიზიკური აღწერა |
| Extent |
148 გვ. : |
| Other physical details |
ილ. ; |
| Dimensions |
25 სმ. |
| 504 ## - BIBLIOGRAPHY, ETC. NOTE |
| Bibliography, etc |
ბიბლიოგრ. ყოველი სტატიის შემდეგ |
| 546 ## - LANGUAGE NOTE |
| Language note |
პარალ. თავფურ. რუს ენ.- ქართული სტატიების რეზ. რუს. ენ..ტექსტის მცირე ნაწ. რუს. ენაზე. |
| 653 ## - INDEX TERM--UNCONTROLLED |
| Uncontrolled term |
მეტყველების ანალიზისა და სინთეზის საკითხები |
| 653 ## - INDEX TERM--UNCONTROLLED |
| Uncontrolled term |
ქართულ, წახურულ და უდურ ენების მაგალითზე. კრებული |
| 653 ## - INDEX TERM--UNCONTROLLED |
| Uncontrolled term |
ქართული ენა; დაღესტნური ენები |
| 700 ## - ADDED ENTRY--PERSONAL NAME |
| Personal name |
გაფრინდაშვილი, შ |
| Relator term |
რედაქტორი |
| 9 (RLIN) |
7672 |
| 942 ## - ADDED ENTRY ELEMENTS (KOHA) |
| Koha item type |
წიგნი |
| Source of classification or shelving scheme |
|